Air
| Main Author: | |
|---|---|
| Format: | Book |
| Published: |
London :
Franklin Watts ,
1998
|
| Series: | Against the elements
|
| Subjects: |
MARC
| LEADER | 00000cam a2200000 7i4500 | ||
|---|---|---|---|
| 001 | 0000028126 | ||
| 002 | 000030370 | ||
| 005 | 20051011.0 | ||
| 020 | |a 0749631686 | ||
| 090 | 0 | 0 | |a 363.3 |b WAL |
| 100 | 1 | |a Walker, Jane | |
| 245 | 1 | 0 | |a Air |c Jane Walker |
| 260 | |a London : |b Franklin Watts , |c 1998 | ||
| 300 | |a 31p. : |b ill. ; |c 29cm. | ||
| 490 | 0 | |a Against the elements | |
| 650 | 0 | 0 | |a Air |x Juvenile literature |
| 650 | 0 | 0 | |a Atmosphere |x Juvenile literature |
| 650 | 0 | 0 | |a Storms |x Juvenile literature |
| 999 | |a 081250 |b BUKU |c JUNIOR BOOKS |e PERPUSTAKAAN KOMUNITI CAW KOTA DAMANSARA | ||